| 000 | 00812nam a2200253 4500 | ||
|---|---|---|---|
| 001 | 22622 | ||
| 003 | BD-RjUL | ||
| 005 | 20211209000829.0 | ||
| 008 | 140309s1970 ii b 001 0beng | ||
| 035 | _a(BD-RjUL)22687 | ||
| 040 |
_aDLC _cDLC _dDLC _dBD-RjUL _beng |
||
| 041 | _aeng | ||
| 082 | 0 | 0 |
_a891.4112 _bJOS 1970 |
| 100 | 1 |
_aJotwani, Motilal, _d1936- _969831 |
|
| 245 | 0 | 0 |
_aShah Abdul Karim : _ba mystic poet of Sindh / _c Motilal Jotwani. |
| 260 |
_aNew Delhi, _bKumar Bros., _c1970. |
||
| 300 |
_a56 p. ; _c22 cm. |
||
| 500 | _aIncludes English translation of the text of Shah Abdul Karim's Risālo: p. 35-53. | ||
| 504 | _aIncludes bibliographical references and index. | ||
| 600 | 0 | 0 |
_aShah Abdul Karim, _d1536-1624. _969833 |
| 942 |
_2ddc _cBK |
||
| 999 |
_c22622 _d22622 |
||